Quizzes
Events
Quiz Creation
Community
Videos
Private Events
Remove Ads
Sign In
Join for FREE
Feedback
Dark Mode
Quiz Categories
Sports
Geography
Music
Movies
Television
Just For Fun
Miscellaneous
History
Literature
Language
Science
Gaming
Entertainment
Religion
Holiday
For Kids
Quiz Lab
Recent
Popular Today
Quiz Kudos Today
Editor Picks
Curator Picks
Quizzes by...
Day
Popularity
Type
Ratings
Length
Year
Community
Subscriptions
Recent Discussions
Orange Saloon
Badges
Playlists
Quests
Create
Leaderboards
Showdown
Live 5
Trivia Bingo
Activity
Puzzle Library
Sporcle Events
Private Events
Virtual Trivia
Globe League
Become a Host
Pub Owners
SporcleCon
Opinionation
Our Games
Videos
Blog
Mobile Apps
Partnerships
Remove Ads and Go Orange
Feedback
Music
Pop Music
The Beatles
Song
Album
Lyrics
Bands
Singers
Artist
Clip
Rock
Rap
Classical
Billboard
Country Music
Kpop
Taylor Swift
Music
Pop Music
The Beatles
Song
Album
Lyrics
Bands
Singers
Artist
Clip
Rock
Rap
Classical
Billboard
Country Music
Kpop
Taylor Swift
Random Quiz
Search Sporcle
×
Quiz Lab
Quiz Lab
Music
Broadway Musicals
Type in answers that appear in a list
Type in answers that appear in a list
Classic
Best Score? Go Orange.
Broadway Musicals by Plot Stats
Can you name the Broadway Musicals by Plot
By
BroadwayIsMyLife
6m
20 Questions
290 Plays
290 Plays
290 Plays
Comments
Comments
Give Quiz Kudos
Give Quiz Kudos
-
- Ratings
hide this ad
Replay
Link that replays current quiz
Next Quiz
Link to next quiz in quiz playlist
You Got
0%
They Got
Avg Score
89%
Avg Friend Score
Upgrade to see
Score Distribution
Jump to the score distribution portion of the page
Score
0/20
Timer
06:00
0
Plays Today
Hint
Answer
% Correct
In the Pride Lands of Africa, where a lion rules over the other animals as king.
Lion King
99.3%
Composed by Andrew Lloyd Webber,the musical tells the story of a tribe of cats called the Jellicles and the night they make what is known as 'the Jellicle choice' and decide which
Cats
99%
An orphan who has a 'Hard Knock Life'
Annie
97.2%
A young girl takes her fathers place after he gets captured by a beast and grows to love him
Beauty and the Beast
96.5%
Two young girls meet and college from VERY different backgrounds in Oz,and long to meet the Wizard.
Wicked
95.2%
An opera ghost terrorizes the cast and crew of the French Opera House while tutoring a chorus girl.
Phantom of the Opera
94.8%
Based on songs from ABBA, a young girl longs to have her father at her wedding.
Mamma Mia!
94.5%
A pleasantly plump young girl dreamsof being a dancer on her favorite tv show
Hairspray
93.8%
Based on the book by Victor Hugo, this musical follows a man who breaks his parol and takes care of a young child.
Les Miserables
93.1%
Two teens meet over summer vacation and fall in love, and soon meet again in school.
Grease
92.4%
Hint
Answer
% Correct
A blonde who follows her love to Harvard
Legally Blonde
92.4%
Two women are in jail for murder.
Chicago
92%
This rock opera tells the story of one year in the life of a group of bohemians struggling in modern day East Village New York.
Rent
90.3%
This adult theme spoof of sesame street is about life after collage
Avenue Q
88.9%
An ogre who falls in love with a princess
Shrek! The Musical
87.2%
A cockney flower girl caterwaul in the street gets offered to be turned into a lady.
My Fair Lady
86.2%
A group of dancers congregate on the stage of a Broadway theatre to audition for a new musical production directed by Zach.
A Chorus Line
82.4%
Jews and Orthodox Christians live in the little village of Anatevka in the pre-
revolutionary Russia of the Czars.
Fiddler on the Roof
81%
A man who was once the 'King of Broadway' and now only produces flops.
The Producers
77.9%
A brilliant doctor and horrible beast.
Jekyll and Hyde
54.3%
Quiz Playlist
Details
Report
Send in Message
Add To Playlist
Classic:
Type in answers that appear in a list
Last Updated: Feb 16, 2017
Quiz Scoreboard
CHALLENGE
Sign Up to Join the Scoreboard
Show All
Scores
Hide
Comments
May contain spoilers
Recently Published
Click the 1999 NBA Draft
by nibperrychub
Sports
2m
Alphabetical 'K' Countries by Flag Minefield
by ylime102
Geography
3m
Pick 6: Fruits
by JohnFran
Miscellaneous
15s
More to Explore
Quiz From the Vault
Featured Blog Post
15 Basketball Trivia Facts You Can Be March Mad About
hide this ad
You Might Also Like...
Tags
Broadway Musicals
Broadway Shows
Today's Top Quizzes in Music
Browse Music
hide this ad
Today's Top Quizzes in Broadway Musicals
Browse Broadway Musicals
Top Contributed Quizzes in Music
1
Taylor Swift All Songs (2024)
2
KPOP LOGIC QUIZ
3
A Taylor Swift Logic Puzzle
4
Guess the Taylor Swift song (Mystery Song)
5
K-Pop Murder Mystery Logic Quiz
6
Taylor Swift Logic Puzzle
7
Guess The Taylor Swift Lyrics Song #1
8
kpop group name match up
9
NCT 2020 Logic Puzzle
10
K-Pop : 100 Debut Songs (Part 1 of 3)
Explore More
Trending Topics
Disney
Kpop
Anime
Marvel
Crossword
NBA
Harry Potter
NFL
WWE
Pokémon
Soccer
Puzzle
The Office
Song
Country
hide this ad
More By:
BroadwayIsMyLife
Quiz
Plays
Rating
Category
Featured
Created
Legally Blonde Characters
887
1.13
Entertainment
Nov 8, 2013
Broadway Musicals by Plot
290
2.50
Music
Nov 8, 2013
Disney Princesses!!
283
3.00
Entertainment
Nov 8, 2013
Go to Creator's Profile
Score Distribution
Quiz Creator Spotlight
BroadwayIsMyLife
Follow
Send a Message
Quizzes Created
-
Created Quiz Play Count
-
More By This Creator
Popular Quizzes Today
1
Countries of Asia Without Outlines Minefield
2
Find the US States - No Outlines Minefield
3
Pick 6: Fruits
4
Alphabetical 'K' Countries by Flag Minefield
5
The Countries of the World
6
Find the US States
7
US States
8
Match the Book to the Film X
More Music Quizzes
Guess the Hamilton lyrics [5]
Quiz Lab
Trending Quizzes
Pick 6: Mountains
Pick 6: Harry Potter
Pick 6: NFL Teams
Pick 6: Movie Franchises
Pick 6: Golfers
Recently Updated
NWSL Teams
pecheneg
Women's Final Four Teams by Year
bhenderson79
Presidents Quartet II
eogle
Anything But Clue(do)
eogle
Anything But Oceanian Capitals
eogle
Anything But 7
eogle
Anything But Thing
eogle
Word Ladder: February 29
pecheneg
Song Title Questions
pecheneg
Women's NCAA Tournament #1 Seeds
pecheneg
Trending Topics
Crossword
Disney
NBA
Anime
Kpop
Harry Potter
Marvel
NFL
Pokémon
The Office
WWE
Soccer
Puzzle
Song
Country
Your Account Isn't Verified!
In order to create a playlist on Sporcle, you need to verify the email address you used during registration. Go to your
Sporcle Settings
to finish the process.
Report this User
Report this user for behavior that violates our
Community Guidelines
.
Details:
Send Report
Go to the Sporcle.com Mobile Site →
Comments